Friends Quiz for the Ultimate Fans - Statistics

General Stats
  • This quiz has been taken 317 times
  • The average score is 7 of 25
Answer Stats
Hint Answer % Correct
Who said the last line in the series? Chandler
86%
Who set fire to Phoebe and Rachel's apartment? Rachel
80%
Who does the 6 friends always watch outside Monica and Rachel's window? Ugly Naked Guy
71%
What song does Ross sing to Emma to get her to laugh? Baby Got Back
65%
Where do Joey and Rachel kiss? Barbados
61%
Who did Mike date after he and Phoebe broke up? Precious
46%
According to Chandler, what phenomenon scares the bejeezus out of him? Michael Flatley, Lord of the Dance
39%
What was the question that Monica and Rachel got wrong that won Chandler and Joey their apartment? What is Chandler's job
32%
Who has Monica lived with in her apartment? Chandler, Rachel, Phoebe
28%
What game does the 6 friends play while at the beach house? Strip Happy Days
28%
Where does Monica make Phoebe eat her cookies? Over the sink
25%
What was the last line in the series? Sure, Where?
25%
Where was Rachel going skiing with her family? Vail
21%
Who does Joey think is downstairs in the lobby in Barbados? Britney Spears
20%
Who is the "Stoned Guy" in Season 1? Jon Lovitz
20%
Where do the gang plan on going after Monica and Chandler get engaged? The Plaza
17%
Who does Phoebe love in the episode where Ross got high? Jacques Cousteau
13%
When is Rachel's birthday? May 5th
12%
What was Monica wearing in Scene 1 in the Pilot Episode? Yellow Blazer
6%
What does Rachel think is the most romantic song ever? The Way We Were
5%
What does Rachel run into while jogging in Central Park? A Police Horse
4%
Why does Chandler hate Thanksgiving? Father told him he was dating the help
4%
How does Ross get the apartment from Ugly Naked Guy? Hangs out with him naked
0%
Why does Phoebe floss to save lives? So she doesn't have to go to the dentist
0%
Why was Monica mopping her ceiling? Their was banana on it
0%
No matching quizzes found
Score Distribution
Percent of People with Each Score
Percentile by Number Answered
Your Score History
You have not taken this quiz